[Event "Prague Masters 2025"]
[Site "Praga"]
[Date "26.02.2025"]
[Round "1"]
[White "Aravindh, Chithambaram VR."]
[Black "Nguyen, Thai Dai Van"]
[Result "1/2-1/2"]
[WhiteTitle "GM"]
[BlackTitle "GM"]
[WhiteElo "2729"]
[BlackElo "2668"]
[WhiteFideId "5072786"]
[BlackFideId "358878"]
[EventDate "26.02.2025"]

1. Nf3 d5 2. g3 g6 3. Bg2 Bg7 4. d4 Nf6 5. O-O O-O 6. c4 c6 7. Qb3 a5 8. cxd5 a4
9. Qd1 cxd5 10. Nc3 Ne4 11. Ng5 Nxc3 12. bxc3 h6 13. Nh3 Qc7 14. Bd2 Bxh3 15.
Bxh3 e6 16. Rb1 Nd7 17. Rb4 Nb6 18. Qb1 Ra6 19. Rc1 Nc4 20. Be1 Rb8 21. Qd3 Bf8
22. Rbb1 Ba3 23. Rc2 Rb6 24. Qd1 Nb2 25. Qd2 Nc4 26. Qd1 Rxb1 27. Qxb1 b5 28.
Bf1 Kg7 29. e3 h5 30. Qd1 Rb6 31. Qf3 Qc6 32. h3 Qb7 33. Kh2 Bd6 34. Kg1 Ba3 35.
Be2 Bd6 36. Rc1 Ba3 37. Rb1 Bd6 38. Bf1 Na3 39. Rc1 Qc6 40. Qd1 Rb8 41. Qd2 Bc7
42. h4 Rc8 43. Qb2 Nc4 44. Qb1 Ba5 45. Bd3 Nd6 46. Rc2 Nc4 47. Rc1 Nd6 48. Rc2
Qd7 49. Kg2 Qb7 50. Qd1 Rc7 51. Kh2 Qc8 52. Qc1 Rc6 53. Kg2 Qc7 54. Kh2 Qc8 55.
Kg2 Qc7 56. Kh2 Qe7 57. Qb1 Qb7 58. Qc1 Qc7 59. Kg2 Qc8 60. Kh2 Rc7 61. Qa3 Nc4
62. Qc1 e5 63. dxe5 Nxe5 64. Be2 b4 65. Qd1 Qf5 66. Rc1 Rxc3 67. Bxc3 Qxf2+ 68.
Kh3 bxc3 69. Qd4 Bc7 70. Rxc3 Qxe2 71. Rxc7 Qf1+ 72. Kh2 Qf2+ 73. Kh3 Qf1+ 74.
Kh2 Qf2+ 75. Kh3 Qf1+ 76. Kh2 1/2-1/2

[Event "Prague Masters 2025"]
[Site "Praga"]
[Date "26.02.2025"]
[Round "1"]
[White "Shankland, Sam"]
[Black "Gurel, Ediz"]
[Result "1-0"]
[WhiteTitle "GM"]
[BlackTitle "GM"]
[WhiteElo "2670"]
[BlackElo "2624"]
[WhiteFideId "2004887"]
[BlackFideId "44507356"]
[EventDate "26.02.2025"]

1. d4 d5 2. Nf3 Nf6 3. Bf4 e6 4. e3 Bd6 5. Ne5 O-O 6. Nd2 c5 7. c3 c4 8. h4 Nc6
9. h5 Qc7 10. h6 g6 11. Ng4 Nxg4 12. Bxd6 Qxd6 13. Qxg4 b5 14. a3 Bd7 15. Be2 a5
16. O-O Ne7 17. Rfe1 Bc6 18. Bf3 Rae8 19. b3 Nf5 20. Qh3 cxb3 21. Nxb3 Qd8 22.
Be2 Nd6 23. Nc5 Qe7 24. Qh2 f6 25. Bg4 Bd7 26. Rab1 a4 27. Rb4 Rc8 28. Be2 Bc6
29. Reb1 Rc7 30. Bg4 Bd7 31. e4 Rxc5 32. dxc5 Nxe4 33. Rxe4 dxe4 34. Qc7 f5 35.
Be2 Rc8 36. Qb7 Rxc5 37. Rd1 Rd5 38. Rxd5 exd5 39. Bxb5 e3 40. Bxd7 exf2+ 41.
Kxf2 Qh4+ 42. g3 Qh2+ 43. Kf1 Qh1+ 44. Ke2 Qg2+ 45. Kd1 Qf1+ 46. Kc2 Qe2+ 47.
Kb1 Qf1+ 48. Kb2 Qf2+ 49. Ka1 Qe1+ 50. Qb1 Qe7 51. Qb5 Qxa3+ 52. Kb1 Qd6 53. Bc6 1-0

[Event "Prague Masters 2025"]
[Site "Praga"]
[Date "26.02.2025"]
[Round "1"]
[White "Praggnanandhaa, Rameshbabu"]
[Black "Navara, David"]
[Result "1/2-1/2"]
[WhiteTitle "GM"]
[BlackTitle "GM"]
[WhiteElo "2741"]
[BlackElo "2677"]
[WhiteFideId "25059530"]
[BlackFideId "309095"]
[EventDate "26.02.2025"]

1. d4 Nf6 2. c4 e6 3. Nf3 d5 4. Nc3 Bb4 5. cxd5 exd5 6. Bf4 O-O 7. e3 c5 8. Bd3
Bg4 9. a3 Ba5 10. dxc5 Bxc3+ 11. bxc3 Qa5 12. Qb3 Nbd7 13. Qb4 Qxc5 14. Nd4 Rfc8
15. f3 Bh5 16. Rc1 Bg6 17. Be2 a5 18. Qxc5 Nxc5 19. Kf2 Bd3 20. Rhd1 Bxe2 21.
Nxe2 Nb3 22. Rb1 a4 23. Bg5 Nd7 24. Rxd5 Nb6 25. Rb5 Nc4 26. Be7 b6 27. Rd1 Nc5
28. Nd4 Nxa3 29. Rxb6 Nc4 30. Rb5 Nb3 31. Bb4 Nb2 32. Rb1 Nd3+ 33. Kg3 Nxb4 34.
cxb4 Rc3 35. Nxb3 Rxb3 36. Ra1 g6 37. e4 a3 38. Ra5 Rb8 39. R1xa3 Rxa3 40. Rxa3
Rxb4 41. Ra2 Kg7 42. Kf4 h5 43. h3 Rb5 44. Rd2 Ra5 45. Rd7 Ra2 46. g4 hxg4 47.
hxg4 Ra4 48. Ke5 g5 49. Rd3 Kg6 50. Kd6 Ra6+ 51. Ke7 Ra7+ 52. Ke8 Ra8+ 53. Rd8
Ra3 54. Kf8 f6 55. e5 fxe5 56. Rd6+ Kh7 57. Rf6 Ra8+ 58. Kf7 Ra7+ 59. Ke6 Kg7
60. Kf5 Ra5 61. Rg6+ Kf7 62. Rd6 e4+ 63. Kxe4 Ra4+ 64. Rd4 Ra3 65. Rd3 Ra4+ 66.
Ke5 Rf4 1/2-1/2

[Event "Prague Masters 2025"]
[Site "Praga"]
[Date "26.02.2025"]
[Round "1"]
[White "Le, Quang Liem"]
[Black "Giri, Anish"]
[Result "1/2-1/2"]
[WhiteTitle "GM"]
[BlackTitle "GM"]
[WhiteElo "2739"]
[BlackElo "2728"]
[WhiteFideId "12401137"]
[BlackFideId "24116068"]
[EventDate "26.02.2025"]

1. d4 d5 2. c4 dxc4 3. e3 Nf6 4. Bxc4 e6 5. Nf3 a6 6. O-O Be7 7. Nbd2 b5 8. Be2
Nbd7 9. a4 bxa4 10. Qxa4 O-O 11. Nb3 c5 12. Bd2 cxd4 13. Nfxd4 Ne5 14. Rfc1 Bb7
15. Qa5 Qb8 16. Qc7 Bd6 17. Qxb8 Rfxb8 18. Na5 Be4 19. b3 h6 20. f3 Bd3 21. Kf1
Bb4 22. Bxb4 Rxb4 23. f4 Bxe2+ 24. Kxe2 Ng6 25. g3 h5 26. Rc4 Rbb8 27. Nac6 Rb6
28. Rb4 Rxb4 29. Nxb4 e5 30. Ndc6 exf4 31. gxf4 Re8 32. Kd3 Ng4 33. Nd5 Nxh2 34.
Rxa6 Ng4 35. b4 h4 36. b5 h3 37. b6 h2 38. Ra1 Nf2+ 39. Ke2 h1=Q 40. Rxh1 Nxh1
41. b7 Ng3+ 1/2-1/2

[Event "Prague Masters 2025"]
[Site "Praga"]
[Date "27.02.2025"]
[Round "2"]
[White "Nguyen, Thai Dai Van"]
[Black "Shankland, Sam"]
[Result "1/2-1/2"]
[WhiteTitle "GM"]
[BlackTitle "GM"]
[WhiteElo "2668"]
[BlackElo "2670"]
[WhiteFideId "358878"]
[BlackFideId "2004887"]
[EventDate "26.02.2025"]

1. Nf3 Nf6 2. c4 g6 3. Nc3 Bg7 4. e4 d6 5. d4 O-O 6. Be2 e5 7. O-O Bg4 8. d5 a5
9. Ne1 Bc8 10. Nd3 b6 11. a3 Nbd7 12. Bg5 Nc5 13. Nxc5 bxc5 14. a4 Bd7 15. Ra3
Kh8 16. Qc1 Qb8 17. Bd1 Ra6 18. Bc2 Nh5 19. Nb5 Nf4 20. Bxf4 exf4 21. Qxf4 Bxb2
22. Rb3 Be5 23. Qh4 Bxb5 24. Rxb5 Rb6 25. Rfb1 Rxb5 26. Rxb5 Qa7 27. f4 Bd4+ 28.
Kf1 Kg7 29. Qe1 Ra8 30. Bd1 Qa6 31. Bf3 f6 32. Bg4 h5 33. Bf3 Kh6 34. Qd2 Qc8
35. e5 fxe5 36. fxe5+ Kg7 37. e6 Qd8 38. Rxa5 Rxa5 39. Qxa5 Qh4 40. Qe1 Qxh2 41.
Ke2 Qe5+ 42. Kd1 Qxe1+ 43. Kxe1 Bc3+ 44. Kf2 h4 45. Be4 Kf6 46. Kf3 Be1 47. Kg4
Ke7 48. Kg5 Kf8 49. Kf6 Bc3+ 50. Kxg6 Ke7 51. Kg5 Be1 52. Bf5 Kf8 53. Bc2 Ke7
54. Bd3 Kf8 55. a5 Bxa5 56. Kxh4 Ke7 57. g4 Bd2 58. g5 Bc1 59. Kh5 Bb2 60. Kh6
Bc1 61. Kg6 Bd2 62. Kh5 Bc3 63. Kg4 Bd2 64. g6 Bc3 1/2-1/2

[Event "Prague Masters 2025"]
[Site "Praga"]
[Date "27.02.2025"]
[Round "2"]
[White "Gurel, Ediz"]
[Black "Praggnanandhaa, Rameshbabu"]
[Result "1/2-1/2"]
[WhiteTitle "GM"]
[BlackTitle "GM"]
[WhiteElo "2624"]
[BlackElo "2741"]
[WhiteFideId "44507356"]
[BlackFideId "25059530"]
[EventDate "26.02.2025"]

1. e4 e6 2. d4 d5 3. Nd2 c5 4. exd5 Qxd5 5. Ngf3 cxd4 6. Bc4 Qd7 7. O-O Nc6 8.
Nb3 Nf6 9. Nbxd4 Nxd4 10. Nxd4 a6 11. Re1 Bc5 12. Be3 O-O 13. Bb3 b6 14. Nf3 Qc7
15. Bxc5 bxc5 16. Qe2 Bb7 17. c3 Rab8 18. Ne5 Be4 19. Nc4 Rfd8 20. Rad1 Bd5 21.
Qe5 Qb7 22. Nd6 Qc7 23. Nc4 Qc6 24. Rd3 Bxc4 25. Bxc4 Qb6 26. Rg3 Ne8 27. h3 Rd2
28. b3 Qd6 29. a4 a5 30. Qe3 g6 31. Rg5 Rc8 32. Re5 Ng7 33. g4 Rc2 34. Qf3 Qd2
35. R1e3 Rc1+ 36. Kg2 Qd1 37. Qxd1 Rxd1 38. Bb5 Kf8 39. R5e4 Ne8 40. Bxe8 Kxe8
41. b4 Ra1 42. bxa5 Ra8 43. Rc4 Rxa5 44. Re5 R1xa4 45. Rxa4 Rxa4 46. Rxc5 1/2-1/2

[Event "Prague Masters 2025"]
[Site "Praga"]
[Date "27.02.2025"]
[Round "2"]
[White "Navara, David"]
[Black "Le, Quang Liem"]
[Result "1/2-1/2"]
[WhiteTitle "GM"]
[BlackTitle "GM"]
[WhiteElo "2677"]
[BlackElo "2739"]
[WhiteFideId "309095"]
[BlackFideId "12401137"]
[EventDate "26.02.2025"]

1. d4 Nf6 2. c4 e6 3. Nf3 d5 4. Nc3 Nbd7 5. Bf4 dxc4 6. e3 Nb6 7. Bxc4 Bd6 8.
Bg3 Nxc4 9. Qa4+ Bd7 10. Qxc4 Bc6 11. Bh4 Bxf3 12. gxf3 c6 13. Qb3 Qb6 14. Rg1
Qxb3 15. axb3 Kf8 16. Bxf6 gxf6 17. Ne4 Ke7 18. Nxd6 Kxd6 19. Rg7 Ke7 20. b4 a6
21. Ke2 Rad8 22. f4 Rd5 23. Ra5 h6 24. Rc5 Rxc5 25. bxc5 b6 26. cxb6 Rb8 27. Kf3
Rxb6 28. Rg8 Rxb2 29. Ra8 Ra2 30. Ra7+ Kf8 31. Rc7 Rc2 32. Ra7 Ra2 33. Rc7 f5
34. Rxc6 Kg7 35. d5 exd5 36. Rc5 a5 37. Rxd5 Kg6 38. Rd6+ Kg7 39. Rd5 Kg6 40. h4
a4 41. h5+ Kf6 42. Rd6+ Kg7 43. Rd5 Kf6 44. Rd6+ 1/2-1/2

[Event "Prague Masters 2025"]
[Site "Praga"]
[Date "27.02.2025"]
[Round "2"]
[White "Keymer, Vincent"]
[Black "Aravindh, Chithambaram VR."]
[Result "0-1"]
[WhiteTitle "GM"]
[BlackTitle "GM"]
[WhiteElo "2731"]
[BlackElo "2729"]
[WhiteFideId "12940690"]
[BlackFideId "5072786"]
[EventDate "26.02.2025"]

1. d4 d5 2. c4 dxc4 3. Nf3 a6 4. e3 b5 5. a4 Bb7 6. b3 Nf6 7. bxc4 b4 8. c5 Nc6
9. Qb3 e5 10. Bc4 Qd7 11. Bb2 exd4 12. Bxd4 Ne4 13. Qc2 Qg4 14. Be2 Nxd4 15.
Nxd4 Qxg2 16. Bf3 b3 17. Bxg2 bxc2 18. Nd2 Nxc5 19. Bxb7 Nxb7 20. Ke2 Bb4 21.
Rhc1 Bxd2 22. Kxd2 O-O-O 23. Rxc2 Rhe8 24. Rg1 g6 25. Rc6 Rd6 26. Rgc1 Rxc6 27.
Rxc6 Nd6 28. f3 Kb7 29. Rc5 Re5 30. Rc2 c5 31. Ne2 Rh5 32. Ke1 Kb6 33. Nf4 Re5
34. e4 c4 35. Kd2 f5 36. Ke3 fxe4 37. Kd4 Re8 38. Kd5 Nf5 39. Rb2+ Ka5 40. fxe4
c3 41. Rb1 Rd8+ 42. Ke5 Ne3 43. Nd5 Nxd5 44. exd5 Kxa4 45. Ra1+ Kb3 0-1

[Event "Prague Masters 2025"]
[Site "Praga"]
[Date "28.02.2025"]
[Round "3"]
[White "Le, Quang Liem"]
[Black "Gurel, Ediz"]
[Result "1/2-1/2"]
[WhiteTitle "GM"]
[BlackTitle "GM"]
[WhiteElo "2739"]
[BlackElo "2624"]
[WhiteFideId "12401137"]
[BlackFideId "44507356"]
[EventDate "26.02.2025"]

1. e4 e5 2. Nf3 Nf6 3. d4 Nxe4 4. dxe5 d5 5. Nbd2 Nxd2 6. Bxd2 c5 7. Bd3 c4 8.
Be2 Nc6 9. O-O Be7 10. Bf4 O-O 11. Qd2 h6 12. Rad1 Be6 13. c3 Qc8 14. h3 Rd8 15.
Qe3 b5 16. Nh2 Bf8 17. g4 b4 18. Bg3 bxc3 19. bxc3 Rb8 20. Rd2 d4 21. cxd4 c3
22. Rd3 Bc4 23. Nf3 Rb2 24. Rc1 Qa6 25. Rcxc3 Qxa2 26. Bf1 Rb1 27. Rxc4 Qxc4 28.
Nd2 Rxf1+ 29. Kxf1 Qd5 30. Qe4 Qxe4 31. Nxe4 Rxd4 32. Rxd4 Nxd4 33. f4 a5 34.
Bf2 Nc6 35. Ke2 a4 36. Kd3 a3 37. Kc3 g5 1/2-1/2

[Event "Prague Masters 2025"]
[Site "Praga"]
[Date "28.02.2025"]
[Round "3"]
[White "Praggnanandhaa, Rameshbabu"]
[Black "Nguyen, Thai Dai Van"]
[Result "1-0"]
[WhiteTitle "GM"]
[BlackTitle "GM"]
[WhiteElo "2741"]
[BlackElo "2668"]
[WhiteFideId "25059530"]
[BlackFideId "358878"]
[EventDate "26.02.2025"]

1. d4 Nf6 2. c4 e6 3. Nc3 Bb4 4. g3 O-O 5. Bg2 d5 6. Nf3 dxc4 7. O-O Nc6 8. a3
Be7 9. e4 Rb8 10. Bf4 b5 11. Re1 a6 12. d5 Na5 13. Qc2 Nh5 14. Be3 f5 15. dxe6
f4 16. Rad1 Qe8 17. gxf4 Nxf4 18. Bxf4 Rxf4 19. Nd5 Rg4 20. Nxe7+ Qxe7 21. Qd2
Bb7 22. Ne5 Rg5 23. f4 Rxe5 24. fxe5 Nc6 25. Qd7 Re8 26. Qxe7 Rxe7 27. Rd7 Rxe6
28. Rxc7 Na5 29. Rd1 Bc6 1-0

[Event "Prague Masters 2025"]
[Site "Praga"]
[Date "28.02.2025"]
[Round "3"]
[White "Giri, Anish"]
[Black "Navara, David"]
[Result "1/2-1/2"]
[WhiteTitle "GM"]
[BlackTitle "GM"]
[WhiteElo "2728"]
[BlackElo "2677"]
[WhiteFideId "24116068"]
[BlackFideId "309095"]
[EventDate "26.02.2025"]

1. e4 e5 2. Nf3 Nc6 3. Bb5 Nf6 4. d3 Bc5 5. c3 O-O 6. O-O d6 7. Re1 Ng4 8. Re2
f5 9. exf5 Bxf5 10. d4 Bb6 11. Bg5 Qc8 12. Nbd2 h6 13. Bh4 exd4 14. Bxc6 bxc6
15. Nxd4 Ne5 16. Bg3 Bxd4 17. cxd4 Nd3 18. a3 Re8 19. Nc4 Rxe2 20. Qxe2 Qe6 21.
Ne3 Bg6 22. Qc2 c5 23. Qc3 cxd4 24. Qxd4 c5 25. Qxd6 Qxd6 26. Bxd6 Rd8 27. Bg3
Nxb2 28. h3 c4 29. Be5 Nd3 30. Nxc4 Bf7 31. Bc7 Rd7 32. Ne5 Nxe5 33. Bxe5 Bb3
34. f3 Rd1+ 35. Rxd1 Bxd1 36. Kf2 h5 37. g4 1/2-1/2

[Event "Prague Masters 2025"]
[Site "Praga"]
[Date "28.02.2025"]
[Round "3"]
[White "Shankland, Sam"]
[Black "Keymer, Vincent"]
[Result "0-1"]
[WhiteTitle "GM"]
[BlackTitle "GM"]
[WhiteElo "2670"]
[BlackElo "2731"]
[WhiteFideId "2004887"]
[BlackFideId "12940690"]
[EventDate "26.02.2025"]

1. c4 e5 2. Nc3 Bb4 3. Nf3 Bxc3 4. dxc3 d6 5. e4 Nd7 6. Bd3 Ne7 7. Be3 b6 8. Bc2
a5 9. Nh4 Ba6 10. b3 h6 11. a4 Bb7 12. Qe2 Nf6 13. f3 g5 14. Nf5 Nxf5 15. exf5
Qe7 16. O-O-O O-O-O 17. Kb2 Qf8 18. h4 Qg7 19. g4 Rhe8 20. Rhg1 d5 21. hxg5 hxg5
22. Qf2 dxc4 23. bxc4 Nd7 24. c5 Qf6 25. cxb6 Nxb6 26. Bb3 Rh8 27. Bxb6 Qxb6 28.
Qxb6 cxb6 29. Rxd8+ Kxd8 30. Rd1+ Kc7 31. Bd5 Bxd5 32. Rxd5 f6 33. Rd3 Rh3 34.
Kc2 Rg3 35. Kd2 Rg2+ 36. Ke3 Ra2 37. Ke4 Rxa4+ 38. Kd5 Kd7 39. Rd1 Ra2 40. Kc4+
Kc6 41. Rd8 b5+ 42. Kd3 Ra3 43. Rf8 b4 44. Rxf6+ Kb5 45. Rf8 Rxc3+ 46. Ke4 Rc7
47. f6 Rb7 48. Re8 b3 49. Kd3 Ka4 50. Rxe5 b2 51. Re1 Kb3 52. f4 a4 53. fxg5 a3
54. Kd4 a2 0-1

[Event "Prague Masters 2025"]
[Site "Praga"]
[Date "01.03.2025"]
[Round "4"]
[White "Nguyen, Thai Dai Van"]
[Black "Le, Quang Liem"]
[Result "1/2-1/2"]
[WhiteTitle "GM"]
[BlackTitle "GM"]
[WhiteElo "2668"]
[BlackElo "2739"]
[WhiteFideId "358878"]
[BlackFideId "12401137"]
[EventDate "26.02.2025"]

1. d4 d5 2. c4 e6 3. Nc3 Nf6 4. cxd5 exd5 5. Bg5 c6 6. e3 h6 7. Bh4 Be7 8. Bd3
O-O 9. Nge2 Re8 10. O-O a5 11. Rc1 Nbd7 12. Re1 b6 13. Bg3 Bb7 14. h3 Bf8 15.
Bh4 Qb8 16. Qc2 Ba6 17. Bxa6 Rxa6 18. Nb1 b5 19. Nd2 a4 20. Nc3 a3 21. b3 Bb4
22. Red1 Qb7 23. Qd3 Raa8 24. Rc2 Rac8 25. Rdc1 Bd6 26. Bxf6 Nxf6 27. Qf5 Re6
28. Ne2 Rce8 29. Nf4 Bxf4 30. Qxf4 b4 31. Qf5 Rd6 32. Qd3 Ne4 33. Nxe4 Rxe4 34.
Rc5 Qb6 35. Qc2 Ree6 36. Qd2 Kf8 37. Re1 Kg8 38. Re2 Kf8 39. Rc1 Qb5 40. Qc2 g6
41. Qd2 Kg7 42. Rc5 Qb6 43. Qe1 Kg8 44. Qc1 Kg7 45. Qd2 1/2-1/2

[Event "Prague Masters 2025"]
[Site "Praga"]
[Date "01.03.2025"]
[Round "4"]
[White "Gurel, Ediz"]
[Black "Giri, Anish"]
[Result "1/2-1/2"]
[WhiteTitle "GM"]
[BlackTitle "GM"]
[WhiteElo "2624"]
[BlackElo "2728"]
[WhiteFideId "44507356"]
[BlackFideId "24116068"]
[EventDate "26.02.2025"]

1. e4 c5 2. Nf3 d6 3. Bb5+ Bd7 4. Bxd7+ Qxd7 5. O-O Nf6 6. Re1 Nc6 7. c3 e6 8.
d4 cxd4 9. cxd4 d5 10. e5 Ne4 11. Nbd2 Nxd2 12. Bxd2 Bb4 13. Bxb4 Nxb4 14. Qd2
a5 15. h4 O-O 16. h5 h6 17. Rec1 Rfc8 18. a3 Nc6 19. Rc3 a4 20. Rac1 Ne7 21. g4
Rxc3 22. Rxc3 Rc8 23. Rxc8+ Qxc8 24. Kg2 Qd7 25. Qa5 b5 26. Qa8+ Qc8 27. Qa7 Qe8
28. Qb6 g6 29. hxg6 Nxg6 30. Qc5 Kg7 1/2-1/2

[Event "Prague Masters 2025"]
[Site "Praga"]
[Date "01.03.2025"]
[Round "4"]
[White "Aravindh, Chithambaram VR."]
[Black "Shankland, Sam"]
[Result "1/2-1/2"]
[WhiteTitle "GM"]
[BlackTitle "GM"]
[WhiteElo "2729"]
[BlackElo "2670"]
[WhiteFideId "5072786"]
[BlackFideId "2004887"]
[EventDate "26.02.2025"]

1. e4 c5 2. Nf3 d6 3. Bb5+ Nd7 4. a4 Nf6 5. Nc3 a6 6. Be2 b6 7. d4 cxd4 8. Qxd4
Bb7 9. O-O e6 10. Rd1 Qc7 11. Be3 Ng4 12. Bg5 h6 13. Bh4 Rc8 14. h3 Nge5 15. Rd2
d5 16. Bg3 Bc5 17. Bxe5 Bxd4 18. Bxc7 Bxc3 19. bxc3 Rxc7 20. exd5 Bxd5 21. Nd4
Ke7 22. Bxa6 Nc5 23. Bb5 Ne4 24. Rd3 Rhc8 25. a5 bxa5 26. c4 Bxc4 27. Bxc4 Rxc4
28. Rxa5 R8c7 29. Re5 Nc3 30. Re1 g6 31. h4 Kf6 32. Rf3+ Kg7 33. Rxc3 Rxc3 34.
Nb5 Rxc2 35. Nxc7 Rxc7 36. g3 Kf6 37. Kg2 Kf5 38. Ra1 e5 39. Ra6 h5 40. Rb6 Rc2
41. Rb7 f6 42. Rb6 g5 43. hxg5 fxg5 44. Rb8 e4 45. Rb5+ Kg4 46. Rb4 Re2 47. Ra4 1/2-1/2

[Event "Prague Masters 2025"]
[Site "Praga"]
[Date "01.03.2025"]
[Round "4"]
[White "Keymer, Vincent"]
[Black "Praggnanandhaa, Rameshbabu"]
[Result "0-1"]
[WhiteTitle "GM"]
[BlackTitle "GM"]
[WhiteElo "2731"]
[BlackElo "2741"]
[WhiteFideId "12940690"]
[BlackFideId "25059530"]
[EventDate "26.02.2025"]

1. e4 e6 2. d4 d5 3. Nc3 Bb4 4. e5 c5 5. Bd2 Ne7 6. a3 Bxc3 7. Bxc3 b6 8. h4
Nbc6 9. h5 Qc7 10. Nf3 Nf5 11. Bb5 Bd7 12. Bxc6 Bxc6 13. g4 Ne7 14. h6 gxh6 15.
Rxh6 Rg8 16. g5 cxd4 17. Bxd4 Bb5 18. a4 Ba6 19. Rxh7 Rc8 20. c3 Qc4 21. Rh1 Nc6
22. Rg1 Rh8 23. b3 Qd3 24. Qxd3 Bxd3 25. Kd2 Be4 26. Rg3 Ne7 27. g6 Bxg6 28.
Rgg1 Rh3 29. Rg3 Rh5 30. Rg5 Rh3 31. Rg3 Rh7 32. Rgg1 Nc6 33. Be3 Kd7 34. Rg3
Rh5 35. Rg4 Rch8 36. Rf4 Na5 37. Rb4 Rf5 38. Nd4 Rxe5 39. c4 Re4 40. Rb5 dxc4
41. Rd1 cxb3 42. Nxb3 Nxb3+ 43. Kc3+ Kc6 44. Kxb3 Rxa4 0-1

[Event "Prague Masters 2025"]
[Site "Praga"]
[Date "02.03.2025"]
[Round "5"]
[White "Navara, David"]
[Black "Gurel, Ediz"]
[Result "1/2-1/2"]
[WhiteTitle "GM"]
[BlackTitle "GM"]
[WhiteElo "2677"]
[BlackElo "2624"]
[WhiteFideId "309095"]
[BlackFideId "44507356"]
[EventDate "26.02.2025"]

1. d4 d5 2. c4 dxc4 3. Nf3 Nf6 4. e3 e6 5. Bxc4 a6 6. O-O c5 7. e4 b5 8. Be2 Be7
9. a4 Bb7 10. axb5 O-O 11. e5 Nd5 12. dxc5 Bxc5 13. Nc3 axb5 14. Rxa8 Bxa8 15.
Ne4 Be7 16. Bxb5 Nc6 17. Bxc6 Bxc6 18. Nd4 Ba8 19. Qg4 Kh8 20. Bg5 Bxg5 21. Qxg5
Nf4 22. Qxd8 Rxd8 23. Nd6 Kg8 24. Rc1 Nd3 25. Rc8 Rxc8 26. Nxc8 Nxb2 27. f4 Nd3
28. g3 g5 29. fxg5 Nxe5 30. h4 Kg7 1/2-1/2

[Event "Prague Masters 2025"]
[Site "Praga"]
[Date "02.03.2025"]
[Round "5"]
[White "Giri, Anish"]
[Black "Nguyen, Thai Dai Van"]
[Result "1/2-1/2"]
[WhiteTitle "GM"]
[BlackTitle "GM"]
[WhiteElo "2728"]
[BlackElo "2668"]
[WhiteFideId "24116068"]
[BlackFideId "358878"]
[EventDate "26.02.2025"]

1. Nf3 d5 2. b3 c5 3. e3 e6 4. d4 Nc6 5. Bd3 Qa5+ 6. c3 Nf6 7. O-O Be7 8. Bb2
O-O 9. Nbd2 Qc7 10. Qe2 cxd4 11. exd4 a5 12. a4 b6 13. Rfe1 Bb7 14. Ba3 Bxa3 15.
Rxa3 Nb8 16. Rc1 Ba6 17. Bxa6 Nxa6 18. Ne5 Qb7 19. Ra2 Rac8 20. Rac2 Nb8 21. Nb1
Nc6 22. Nxc6 Rxc6 23. Na3 Rfc8 24. Nb5 h6 25. g3 Ne4 26. c4 Qd7 27. Qd3 g6 28.
h4 h5 29. Qe2 Kh7 30. Qd3 Kg8 31. Qe2 Kh7 32. Qd3 1/2-1/2

[Event "Prague Masters 2025"]
[Site "Praga"]
[Date "02.03.2025"]
[Round "5"]
[White "Le, Quang Liem"]
[Black "Keymer, Vincent"]
[Result "1/2-1/2"]
[WhiteTitle "GM"]
[BlackTitle "GM"]
[WhiteElo "2739"]
[BlackElo "2731"]
[WhiteFideId "12401137"]
[BlackFideId "12940690"]
[EventDate "26.02.2025"]

1. e4 e5 2. Nf3 Nc6 3. Bb5 a6 4. Ba4 Nf6 5. d3 Bc5 6. Bxc6 dxc6 7. Nbd2 Nd7 8.
Nc4 O-O 9. Qe2 Re8 10. Bd2 Bd6 11. h4 Nf8 12. h5 c5 13. O-O-O Ne6 14. g4 f6 15.
Rhg1 h6 16. Ne3 a5 17. Nf5 a4 18. Rg3 b5 19. Rdg1 Ng5 20. N3h4 Be6 21. Kb1 Qd7
22. c4 Rab8 23. Rc1 Bf7 24. Bxg5 fxg5 25. Ng2 Bf8 26. Ne1 c6 27. Rc2 Red8 28.
Kc1 Bd6 29. Nxd6 Qxd6 30. Nf3 Rb7 31. Nd2 Be6 32. Qe3 Rf7 33. Kd1 Qd7 34. f3
Qxd3 35. Qxd3 Rxd3 36. Ke2 Bxc4 37. Nxc4 bxc4 38. Rxc4 Rfd7 39. Rg2 a3 40. bxa3
Rxa3 41. Rf2 Rb7 42. Rxc5 Rb1 43. Rc2 Ra1 44. Rf1 R1xa2 45. Rxa2 Rxa2+ 46. Kd3
Kf7 47. Rb1 Ra3+ 48. Ke2 Ra7 49. Rb6 Rc7 50. Kd3 Ke6 51. Kc4 Kd6 52. Ra6 Rb7 53.
Ra8 Rf7 54. Ra3 1/2-1/2

[Event "Prague Masters 2025"]
[Site "Praga"]
[Date "02.03.2025"]
[Round "5"]
[White "Praggnanandhaa, Rameshbabu"]
[Black "Aravindh, Chithambaram VR."]
[Result "1/2-1/2"]
[WhiteTitle "GM"]
[BlackTitle "GM"]
[WhiteElo "2741"]
[BlackElo "2729"]
[WhiteFideId "25059530"]
[BlackFideId "5072786"]
[EventDate "26.02.2025"]

1. e4 e5 2. Nf3 Nc6 3. Bb5 Nf6 4. O-O Nxe4 5. Re1 Nd6 6. Nxe5 Be7 7. Bf1 Nxe5 8.
Rxe5 O-O 9. d4 Bf6 10. Re1 Re8 11. c3 Rxe1 12. Qxe1 Ne8 13. Bf4 d5 14. Nd2 g6
15. Qe3 Ng7 16. h3 c6 17. Re1 h5 18. Nf3 Bf5 19. Be5 Ne6 20. Bxf6 Qxf6 21. Ne5
Qg5 22. Qxg5 Nxg5 23. Bd3 Bxd3 24. Nxd3 Ne6 25. f4 Kf8 26. Re5 Ng7 27. Nc5 Nf5
28. Nxb7 Rb8 29. Na5 Rxb2 30. Nxc6 h4 31. a4 a6 32. Nb4 Nxd4 33. Nd3 Rd2 34.
cxd4 Rxd3 35. Rxd5 Rd2 36. f5 gxf5 37. Rxf5 Rxd4 38. Ra5 Rd6 39. Kf2 Rf6+ 40.
Ke3 Rg6 41. Kf3 Rf6+ 42. Kg4 Rf2 43. Rxa6 Rxg2+ 44. Kxh4 Ra2 45. a5 Kg7 46. Ra8
Kg6 47. a6 Ra4+ 48. Kg3 f5 49. h4 Kg7 50. h5 Kh7 51. Kf3 Kg7 52. Ke3 Kh7 53. Kd3
f4 54. a7 f3 55. Ke3 Ra3+ 56. Kf2 Kg7 57. h6+ Kh7 58. Kg3 f2+ 59. Kxf2 Ra1 1/2-1/2

[Event "Prague Masters 2025"]
[Site "Praga"]
[Date "04.03.2025"]
[Round "6"]
[White "Nguyen, Thai Dai Van"]
[Black "Navara, David"]
[Result "1/2-1/2"]
[WhiteTitle "GM"]
[BlackTitle "GM"]
[WhiteElo "2668"]
[BlackElo "2677"]
[WhiteFideId "358878"]
[BlackFideId "309095"]
[EventDate "26.02.2025"]

1. e4 e5 2. Nf3 Nc6 3. Bb5 Nf6 4. O-O Nxe4 5. Re1 Nd6 6. Nxe5 Be7 7. Bf1 Nxe5 8.
Rxe5 O-O 9. Nc3 Bf6 10. Re1 Re8 11. Rxe8+ Nxe8 12. Nd5 Bg5 13. c4 c6 14. Nc3 Nc7
15. d4 d5 16. Qb3 b6 17. Qa4 Bb7 18. Bxg5 Qxg5 19. cxd5 Nxd5 20. Nxd5 Qxd5 21.
Re1 Qd6 22. g3 c5 23. dxc5 Qxc5 24. b4 Bc6 25. bxc5 Bxa4 26. Re7 bxc5 27. Rc7
Kf8 28. Bc4 Be8 29. Rxc5 Rd8 30. Bb3 f6 31. Rc7 Rd7 32. Rc8 Re7 33. Ra8 g5 34.
Ba4 Kf7 35. Bxe8+ Rxe8 36. Rxa7+ Kg6 37. Kg2 h5 38. h3 Rc8 39. a4 h4 40. g4 Rc3
41. a5 Ra3 42. a6 Kh6 43. Ra8 Kh7 44. f3 Kg7 45. Kf2 Kh7 46. Ke2 Kg7 47. Kf2 Kh7
48. Ke1 Rxf3 49. a7 1/2-1/2